000 00351nam a2200133Ia 4500
008 240624s9999 xx 000 0 und d
041 _aeng
082 _a338.9 BOA
100 _aBOATENG PRINCE
245 _aMEGAPROJECT RISK ANALYSIS AND SIMULATION
260 _c2017
_aUnited Kingdom
_bEmerald
300 _axxxvi, 334 p.; 23 cm.
365 _cBPS
_b30
999 _c31189
_d31189